U.S. State Songs - Statistics

General Stats
  • This quiz has been taken 9 times
  • The average score is 6 of 10
Answer Stats
Hint Answer % Correct
“Take Me Home, Country Roads” West Virginia
100%
“Where the Columbines Grow” Colorado
89%
“Carolina” South Carolina
67%
“These Green Mountains” Vermont
67%
“Yankee Doodle” Connecticut
56%
“On the Banks of the Wabash” Indiana
44%
“Home on the Range” Kansas
44%
“Old Folks at Home” Florida
33%
“You Are My Sunshine” Louisiana
33%
“The Old North State” North Carolina
33%
No matching quizzes found
Score Distribution
Percent of People with Each Score
Percentile by Number Answered
Your Score History
You have not taken this quiz